Statistiques concernant 🎶 Paroles "Le moulin de Guérande" Gilles Servat

Cliquez ici pour prendre le quiz!

Statistiques générales

  • Ce quiz a été pris 7 fois
  • Le résultat moyen est 269 sur 381

Statistiques - réponses

Mots% Correct
a
100%
A
100%
Arlequin
100%
Croisic
100%
d'
100%
De
100%
de
100%
Des
100%
des
100%
du
100%
et
100%
Et
100%
étincellance
100%
l'
100%
la
100%
La
100%
le
100%
Le
100%
les
100%
m'
100%
Ma
100%
mes
100%
moulin
100%
100%
100%
Port-Lin
100%
reflets
100%
rouleaux
100%
Saint-Goustan
100%
Saint-Guénolé
100%
Valentin
100%
au
80%
Batz
80%
bout
80%
en
80%
Guérande
80%
moi
80%
Par-
80%
Parmi
80%
se
80%
sous
80%
Sous
80%
sur
80%
Sur
80%
tout
80%
un
80%
ailes
60%
aux
60%
bleu
60%
ces
60%
dans
60%
dessus
60%
envolés
60%
grain
60%
grand
60%
grand-
60%
jeux,
60%
jours
60%
mer
60%
Mon
60%
nacre
60%
plage
60%
rochers
60%
attendent
40%
bateaux
40%
beaux
40%
bouquets
40%
bourg
40%
brise
40%
Chemins
40%
comme
40%
couteaux
40%
déclin
40%
déjà
40%
enfance
40%
éraflaient
40%
été
40%
fendent
40%
fruits
40%
manteau
40%
marées
40%
marins
40%
matin
40%
œillets
40%
offrande
40%
oiseaux
40%
orée
40%
pare-
40%
père
40%
Que
40%
qui
40%
rendent
40%
sel
40%
soirs
40%
soleil
40%
son
40%
souvenirs
40%
sternes
40%
Tournaient,
40%
trait
40%
amandes
20%
auge
20%
balançant
20%
brûlant
20%
Citron
20%
clair
20%
criant
20%
debout
20%
distants
20%
dorés
20%
éblouissante
20%
écorché
20%
Entonnoirs
20%
fabuleux
20%
fuit
20%
gourmandes
20%
granit
20%
guirlandes
20%
lents
20%
marais
20%
mère
20%
nos
20%
passaient
20%
Passaient
20%
penché,
20%
quais
20%
ramassait
20%
ravins
20%
sablier
20%
talus
20%
tournaient
20%
Tournaient,
20%
veilleurs,
20%
vies
20%
vieux
20%
allumé
0%
balcon,
0%
brassait
0%
Devant
0%
flots
0%
quarts
0%
regarde
0%

Distribution des résultats

Percentile par nombre de réponses

% des personnes avec chaque résultat

Votre développement - résultats

Vous n’avez pas pris ce quiz